000 00471nam a22001812 4500
001 0000004283
005 20170406115714.0
008 140905s xx 000 0 eng d
020 _c$
040 _aYour Holding Symbol
_cYour Holding Symbol
100 1 _aWilliams,William Carlos.
245 1 0 _aPaterson.
250 _a ed.
260 _aNew york :
_bNew Directions,
_c1946.
300 _a 284 p. ;
_c cm.
650 0 _apoems.
908 _a140905
999 _c4116
_d4116